01149nam a2200277 a 4500001001200000003000800012006001900020007001500039008004100054020001800095020002700113040002100140035002100161050002800182100002100210245015900231260003700390300003300427500004400460533015200504650002600656655002900682710001700711856012600728999001700854ebr10714611CaPaEBRm o u cr cn|||||||||130606s2013 enka s 000 0 eng d z9781782169543 z9781782169550 (e-book) aCaPaEBRcCaPaEBR a(OCoLC)84991902714aQA76.76.S46bL48 2013eb1 aLeveque, Franck.10aInstant StyleCop code analysis how-toh[electronic resource] :blearn how to analyze and maintain code for your projects using StyleCop /cFranck Leveque. aBirmingham :bPackt Pub.,c2013. a43 p. :bill. (chiefly col.) a"Instant: short, fast, focused"--Cover. aElectronic reproduction.bPalo Alto, Calif. :cebrary,d2013.nAvailable via World Wide Web.nAccess may be limited to ebrary affiliated libraries. 0aOpen source software. 7aElectronic books.2local2 aebrary, Inc.40uhttp://site.ebrary.com/lib/rucke/Doc?id=10714611zAn electronic book accessible through the World Wide Web; click to view c16607d16607